|
|
|
|
| LEADER |
01401nam a22004092a 4500 |
| 001 |
000396367 |
| 003 |
CZ BrMZK |
| 005 |
20220428102004.0 |
| 007 |
ta |
| 008 |
030412s1896 xr f |||| 0 cze d |
| 015 |
|
|
|a cnb001233967
|
| 020 |
|
|
|q (Brož.)
|
| 035 |
|
|
|a (OCoLC)85543509
|
| 040 |
|
|
|a ABA001
|b cze
|c ABA001
|d ABA001
|d BOA001
|
| 043 |
|
|
|a e-uk-en
|
| 072 |
|
7 |
|a 316.7
|x Sociologie kultury. Kulturní život
|2 Konspekt
|9 1
|
| 080 |
|
|
|a 82+316.3
|2 MRF
|
| 080 |
|
|
|a 7.011+316.72/.75
|2 MRF
|
| 080 |
|
|
|a 316.7
|2 MRF
|
| 080 |
|
|
|a (410.1)
|2 MRF
|
| 080 |
|
|
|a (0:82-4)
|2 MRF
|
| 100 |
1 |
|
|a Váňa, Jan,
|d 1847-1915
|7 jk01141371
|4 aut
|
| 245 |
1 |
0 |
|a Albion hrdý a lidský :
|b studie společenské a literární /
|c napsal Jan Váňa
|
| 260 |
|
|
|a V Praze :
|b Tiskem a nákladem knihtiskárny Dra. Edv. Grégra,
|c 1896
|
| 300 |
|
|
|a 159 s. ;
|c 18 cm
|
| 490 |
1 |
|
|a Matice lidu ;
|v roč. 30, č. 2, (běžné č. 176)
|
| 650 |
0 |
7 |
|a literatura a společnost
|7 ph122371
|z Anglie
|2 czenas
|
| 650 |
0 |
7 |
|a umění a společnost
|7 ph126924
|z Anglie
|2 czenas
|
| 650 |
0 |
7 |
|a kultura
|7 ph122009
|z Anglie
|2 czenas
|
| 655 |
|
7 |
|a eseje
|7 fd132213
|2 czenas
|
| 830 |
|
0 |
|a Matice lidu (Edv. Grégr)
|0 s
|
| 910 |
|
|
|a BOA001
|b 1-0019.862,30/2
|
| 928 |
9 |
|
|a Edv. Grégr
|
| 990 |
|
|
|a BK
|
| 993 |
|
|
|a Y
|
| 991 |
|
|
|b 202204
|
| 996 |
6 |
|
|b 2619801649
|c 1-0019.862,30/2
|l MZK
|r Sklad / do 1 hodiny
|n 2
|w 000396367
|u 000010
|a 1
|e BOA001
|j MZK50
|s P
|